Normal view
MARC view
- Coker, A. Kayode
Entry Personal Name
001 - CONTROL NUMBER
- control field: 38469
003 - CONTROL NUMBER IDENTIFIER
- control field: OSt
005 - DATE AND TIME OF LATEST TRANSACTION
- control field: 20151008134910.0
008 - FIXED-LENGTH DATA ELEMENTS
- fixed length control field: 151008|| aca||aabn | a|a d
040 ## - CATALOGING SOURCE
- Original cataloging agency: OSt
100 10 - HEADING--PERSONAL NAME
- Personal name: Coker, A. Kayode